MARC details
| 000 -LEADER |
| fixed length control field |
01234nam a2200265 a 4500 |
| 001 - CONTROL NUMBER |
| control field |
13782735 |
| 008 - FIXED-LENGTH DATA ELEMENTS--GENERAL INFORMATION |
| fixed length control field |
150225s2005 ||||||||||||||||| || u |
| 010 ## - LIBRARY OF CONGRESS CONTROL NUMBER |
| LC control number |
2004027190 |
| 020 ## - INTERNATIONAL STANDARD BOOK NUMBER |
| International Standard Book Number |
1591022800 (alk. paper) |
| 050 ## - LIBRARY OF CONGRESS CALL NUMBER |
| Classification number |
920.73 Hum |
| 100 ## - MAIN ENTRY--PERSONAL NAME |
| Personal name |
Humphrey, Sandra McLeod |
| 245 10 - TITLE STATEMENT |
| Title |
Dare to dream!: 25 extraordinary lives |
| Statement of responsibility, etc. |
by Sandra McLeod Humphrey |
| 260 ## - PUBLICATION, DISTRIBUTION, ETC. |
| Place of publication, distribution, etc. |
New York: |
| Name of publisher, distributor, etc. |
Prometheus Books |
| Date of publication, distribution, etc. |
2005 |
| 300 ## - PHYSICAL DESCRIPTION |
| Extent |
121p.: ill. |
| 500 ## - GENERAL NOTE |
| General note |
Includes Bibliography |
| 650 #0 - SUBJECT ADDED ENTRY--TOPICAL TERM |
| Topical term or geographic name entry element |
HEROES--UNITED STATES--BIOGRAPHY |
| 650 #0 - SUBJECT ADDED ENTRY--TOPICAL TERM |
| Topical term or geographic name entry element |
ACHIEVEMENT MOTIVATION--UNITED STATES |
| 650 #0 - SUBJECT ADDED ENTRY--TOPICAL TERM |
| Topical term or geographic name entry element |
COURAGE |
| 650 #0 - SUBJECT ADDED ENTRY--TOPICAL TERM |
| Topical term or geographic name entry element |
SUCCESSFUL PEOPLE--UNITED STATES--BIOGRAPHY |
| 650 #0 - SUBJECT ADDED ENTRY--TOPICAL TERM |
| Topical term or geographic name entry element |
ACHIEVEMENT MOTIVATION IN YOUTH--UNITED STATES |
| 856 ## - ELECTRONIC LOCATION AND ACCESS |
| Uniform Resource Identifier |
<a href="http://www.loc.gov/catdir/toc/ecip054/2004027190.html">http://www.loc.gov/catdir/toc/ecip054/2004027190.html</a> |
| 995 ## - RECOMMENDATION 995 [LOCAL, UNIMARC FRANCE] |
| -- |
CBU-DAG HAMMARSKJOLD INSTITUTE LIBRARY |
| -- |
1 |
| -- |
AVAILABLE |
| -- |
Feb 25, 2015 |
| -- |
American Collection |
| 995 ## - RECOMMENDATION 995 [LOCAL, UNIMARC FRANCE] |
| -- |
CBU-DAG HAMMARSKJOLD INSTITUTE LIBRARY |
| -- |
2 |
| -- |
AVAILABLE |
| -- |
Feb 25, 2015 |
| -- |
American Collection |
| 995 ## - RECOMMENDATION 995 [LOCAL, UNIMARC FRANCE] |
| -- |
CBU-DAG HAMMARSKJOLD INSTITUTE LIBRARY |
| -- |
3 |
| -- |
AVAILABLE |
| -- |
Mar 16, 2015 |
| -- |
American Collection |